Estrategia mexicana para la conservación vegetal 2012-2030 (Registro nro. 8490)

Detalles MARC
000 -CABECERA
Campo de control 00700nam a22002057a 4500
005 - FECHA Y HORA DE LA ULTIMA TRANSACCION
Campo de control 20140701153119.0
008 - ELEMENTOS DE LONGITUD FIJA—INFORMACION GENERAL
Campo de control 140701b2012 mx ||||| |||| 00| 0 spa d
020 ## - ISBN
ISBN 9786077607687
041 ## - IDIOMA
Código de idioma para texto/pista de sonido o título separado Español
044 ## - PAÍS DE PUBLICACIÓN
País de publicación México
082 ## - NUMERO DE CLASIFICACION DECIMAL DEWEY
Número de clasificación 574.526
Número del ítem M61e
110 1# - ASIENTO PRINCIPAL--NOMBRE CORPORATIVO
Nombre corporativo o de jurisdicción como elemento de entrada Comisión Nacional para el conocimiento y uso de la biodiversidad
245 10 - MENCION DE TITULO
Título Estrategia mexicana para la conservación vegetal 2012-2030
260 ## - PUBLICACION, DISTRIBUCION, ETC. (PIE DE IMPRENTA)
Lugar de publicación, distribución, etc. Mexico
Nombre del editor, distribuidor, etc. Comisión Nacional para el conocimiento y uso de la biodiversidad
Fecha de publicación, distribución, etc. 2012
300 ## - DESCRIPCION FISICA
Extensión 94 p.
Otros detalles físicos fot. (col)
Dimensiones 27 cm.
650 ## - ASIENTO SECUNDARIO DE MATERIA - TERMINO TEMATICO
Término temático o nombre geográfico como elemento de entrada Biodiversidad
Subdivisión geográfica México
650 ## - ASIENTO SECUNDARIO DE MATERIA - TERMINO TEMATICO
Término temático o nombre geográfico como elemento de entrada Ecosistemas
Subdivisión geográfica México
650 ## - ASIENTO SECUNDARIO DE MATERIA - TERMINO TEMATICO
Término temático o nombre geográfico como elemento de entrada Vegetación
Subdivisión geográfica México
942 ## - ELEMENTOS ADICIONALES (KOHA)
Sistema de clasificación Dewey Decimal Classification
Tipo de ítem Impreso
Existencias
Withdrawn status Lost status Sistema de Clasificación Damaged status No para préstamo Colección Inventariado Ubicación Permanente Ubicación actual Fecha de adquisición Fuente de Valor Valor Total Checkouts Número topográfico Inventario / Código de Barras Date last seen Ejemplar Price effective from Forma de adquisición Tipo de material
    Dewey Decimal Classification     General Inventariado 2017 Bogotá Bogotá 01/07/2014 Instituto 39000.00   LB-574.572 M61e 038126 01/07/2014 Ej. 1 01/07/2014   Libro